ბათუმის შოთა რუსთაველის სახელმწიფო უნივერსიტეტის ბიბლიოთეკა

Правовая защита человека : (ბიბ.ჩანაწერი № 56795)

000 -LEADER
fixed length control field 01737cam a2200289 i 4500
001 - CONTROL NUMBER
control field 003108307
005 - DATE AND TIME OF LATEST TRANSACTION
control field 20190424123959.0
008 - FIXED-LENGTH DATA ELEMENTS--GENERAL INFORMATION
fixed length control field 070418s2006 ru 000 | rus|d
020 ## - INTERNATIONAL STANDARD BOOK NUMBER
International Standard Book Number 5829005557
040 ## - CATALOGING SOURCE
Original cataloging agency RuMoRKP
Language of cataloging rus
Description conventions rcr
Modifying agency RuMoRGB
041 0# - LANGUAGE CODE
Language code of text/sound track or separate title rus
080 ## - UNIVERSAL DECIMAL CLASSIFICATION NUMBER
Universal Decimal Classification number 342.7
084 ## - OTHER CLASSIFICATION NUMBER
Classification number Х620.3,0
Number source rubbk
084 ## - OTHER CLASSIFICATION NUMBER
Classification number Х911.3,0
Number source rubbk
100 1# - MAIN ENTRY--PERSONAL NAME
Personal name Стремоухов, Алексей Васильевич
9 (RLIN) 463
245 00 - TITLE STATEMENT
Title Правовая защита человека :
Remainder of title монография /
Statement of responsibility, etc. А. В. Стремоухов ; Ленинградский гос. ун-т им. А. С. Пушкина
260 ## - PUBLICATION, DISTRIBUTION, ETC.
Place of publication, distribution, etc. Санкт-Петербург :
Name of publisher, distributor, etc. Ленинградский гос. ун-т им. А. С. Пушкина,
Date of publication, distribution, etc. 2007
300 ## - PHYSICAL DESCRIPTION
Extent 323 с.;
Dimensions 20 см.
504 ## - BIBLIOGRAPHY, ETC. NOTE
Bibliography, etc. note Библиогр.: с. 301-321
533 ## - REPRODUCTION NOTE
Type of reproduction Имеется электронная копия
650 #7 - SUBJECT ADDED ENTRY--TOPICAL TERM
Topical term or geographic name entry element Государство и право. Юридические науки -- Государственное (конституционное) право -- Российская Федерация -- Правовое положение граждан
Source of heading or term rubbk
9 (RLIN) 464
650 #7 - SUBJECT ADDED ENTRY--TOPICAL TERM
Topical term or geographic name entry element Государство и право. Юридические науки -- Международное публичное право -- Вопросы населения в международном праве -- Защита прав человека
Source of heading or term rubbk
9 (RLIN) 372
852 ## - LOCATION
Former shelving location 90
852 ## - LOCATION
Former shelving location 90
856 41 - ELECTRONIC LOCATION AND ACCESS
Electronic format type application/pdf
Uniform Resource Identifier http://dlib.rsl.ru/rsl01003000000/rsl01003108000/rsl01003108307/rsl01003108307.pdf
942 ## - ADDED ENTRY ELEMENTS (KOHA)
Source of classification or shelving scheme
Koha item type წიგნი
ეგზემპლარები
Withdrawn status Lost status Source of classification or shelving scheme Damaged status Not for loan Permanent Location Current Location Shelving location Date acquired Cost, normal purchase price Full call number Barcode Date last seen Copy number Price effective from Koha item type Public note
          ბათუმის შოთა რუსთაველის სახელმწიფო უნივერსიტეტის მთავარი ბიბლიოთეკა ბათუმის შოთა რუსთაველის სახელმწიფო უნივერსიტეტის მთავარი ბიბლიოთეკა წიგნსაცავი 2019-04-24 12.00 342.7 С-84 3853 2019-04-24 3853 2019-04-24 წიგნი 12 ლ.